000 00298 a2200133 4500
245 _aRayonnement ultraviolet
100 _aOrganisation Mondiale de la Santé
260 _c1980
300 _a118 p.
035 _a7802
999 _c17579
_d17579